MARC

LEADER 00000nam0a2200000 4500
001 277358
005 20231101235016.0
035 |a (RuTPU)RU\TPU\book\300631 
090 |a 277358 
100 |a 20141202d1985 km y0rusy50 ca 
101 0 |a rus 
102 |a MD 
105 |a y z 001zd 
200 1 |a Физики и физические явления  |f В. Н. Ланге  |g Академия наук Молдавской ССР (АН МССР) ; под ред. С. И. Радауцана 
210 |a Кишинев  |c Штиинца  |d 1985 
215 |a 127 с. 
320 |a Персоналии: с. 102-122 
606 1 |a Физика  |2 stltpush  |3 (RuTPU)RU\TPU\subj\63709  |9 80688 
610 1 |a персоналии 
610 1 |a физические явления 
610 1 |a физики 
610 1 |a открытия 
610 1 |a первооткрыватели 
610 1 |a биографические сведения 
610 1 |a история 
675 |a 53(09)  |v 4 
700 1 |a Ланге  |b В. Н.  |g Виктор Николаевич 
702 1 |a Радауцан  |b С. И.  |4 340 
712 0 2 |a Академия наук Молдавской ССР (АН МССР)  |2 stltpush  |3 (RuTPU)RU\TPU\col\85 
801 1 |a RU  |b 63413507  |c 20141202 
801 2 |a RU  |b 63413507  |c 20170405  |g RCR 
942 |c BK